000 00927nac a22002777a 4500
001 BR8306158
003 BR-BrBNA
005 20240105115912.0
008 230509b bl.|||m| |||| 00| 0 por d
040 _aBR-BrBNA
_bpor
_cBiblioteca Nacional de Agricultura
072 _aE50
090 _aE50 BR8306158
110 1 _aCooperativa Central dos Produtores de Acucar e Alcool do Estado de Sao Paulo, Sao Paulo (Brasil)
_92827
245 1 _aProtecao respiratoria [gases toxicos, contaminacao, seguranca no trabalho]
260 3 _aSao Paulo, SP (Brasil):
_c1983.
300 _a18 p.
490 _aCadernos Copersucar. Serie Seguranca Agroindustrial (Brazil)
_vno. 25
_x
500 _a10 illus.; 6 ref.
650 _aAPARELHO RESPIRATORIO
650 _aGAS
650 _aTOXIDEZ
650 _aEQUIPAMENTO
650 _aPREVENCAO DE ACIDENTE
909 _a202312
_bLúcia Elande
_c55
_dLúcia Elande
942 _2AGRIS
_n0
_cMS
999 _c276981
_d276981